000 00390nam a2200181Ia 4500
003 OSt
005 20230221110216.0
008 210210b xxu||||| |||| 00| 0 eng d
040 _cAL
041 _aeng
082 _a382/59 SHAA
100 _aSHARMA (T R).
_972743
245 _aAuditing.
260 _bNot Mentioned
690 _aAuditing
_972744
906 _aSG03333
942 _2ddc
_cSG
999 _c115637
_d115637